Sanat - "Haloo" - PMMP&KUUMAA - Statistics

Yleistilastot
  • Tätä visaa on pelattu 54 kertaa
  • Keskiarvotulos 125 / 167
Vastaustilastot
Sanat % Oikein
haloo
97%
huuda
90%
ja
90%
90%
90%
oo
86%
saa
86%
siel
86%
et
83%
näytän
83%
oon
83%
ootko
83%
painaa
83%
pimeä
83%
täällä
83%
valoo
83%
kun
79%
pelottaa
79%
sanoa
79%
että
76%
hajottaa
76%
jos
76%
hei
69%
Joka
69%
kaa
69%
odotat
69%
saapuvaa
69%
aamu
66%
jostain
66%
meet
66%
missä
66%
sulle
66%
sun
66%
elää
62%
katselet
62%
merkkiä
62%
on
62%
se
62%
vastaisit
62%
ees
59%
kolmesta
59%
neljään
59%
vaikeint
59%
valoa
59%
en
55%
kaatuvaa
55%
metsää
55%
missään
55%
mut
55%
näe
55%
sua
55%
täytyy
55%
55%
enää
52%
kiinni
52%
yksin
52%
anyway
48%
avaat
48%
haluun
48%
koostuu
48%
mistä
48%
mulle
48%
tähän
48%
vaan
48%
iloo
45%
jäät
45%
kadottaa
45%
kaikki
45%
kelpaa
45%
maailmaan
45%
oven
45%
ettei
41%
kipua
41%
roskat
41%
sanot
41%
susta
41%
kaiken
38%
Ehtoja vastaavia visoja ei löytynyt
Tulosjakauma
Jokaisen tuloksen saaneiden osuus
Persentiili vastausten määrän mukaan
Tuloshistoriasi
Et ole pelannut tätä visaa